000 01094nam a2200325 a 4500
003 BLK
005 20240613150812.0
008 180412b bul|||||r ||||||| ||bul||
010 _aKNG00005675000
020 _a954-8755-01-7
040 _aBLK
041 _aBUL
_cBUL
080 _aБългарска литература
_b821.163.2
_x-192
_z821.163.2-192
100 _aХристов, Борис Кирилов
_d1945 -
_gПоет, писател. Сценарист. Фотограф-илюстратор.
_9244708
139 _aХристов, Борис Кирилов
_bХ 78
245 1 0 _aБългарска народна лирика
_bАнтология
_cБорис Кирилов Христов.
257 _aBGR
260 _aСофия
_bЛюк
_c1994
300 _a208 с.
_c22 см
380 _aX
500 _a3 100 тир.
852 _aЦб 179396
_bЦб
856 4 _qpdf
_u
856 4 _qpdf
_u
942 _cKNG
_n0
944 _aCR
_c15.01.2003
_k30560
_lГеновева Генчева
944 _aED
_c23.02.2018
999 _c4532
_d4532
999 _d4532
999 _d4532